[Event "RUS-chT 07th"]
[Site "Smolensk"]
[Date "2000.04.17"]
[Round "3"]
[White "Chuprikov, Dmitry"]
[Black "Beshukov, Sergei"]
[Result "1-0"]
[WhiteElo "2365"]
[BlackElo "2460"]
[Annotator "Tsesarsky,I"]
[PlyCount "89"]
[EventDate "2000.04.15"]
[EventType "team-tourn"]
[EventRounds "11"]
[EventCountry "RUS"]
[SourceTitle "CBM 077"]
[Source "ChessBase"]
[SourceDate "2000.07.27"]
[SourceVersion "1"]
[SourceVersionDate "2000.07.27"]
[SourceQuality "1"]
[WhiteTeam "Voronezh OShK"]
[BlackTeam "Maykop Universitet"]
[WhiteTeamCountry "RUS"]
[BlackTeamCountry "RUS"]

1. d4 d5 2. Nf3 c6 3. Bf4 Qb6 4. Qc1 Nf6 5. e3 Bf5 6. Be2 Nbd7 (6... h6 7. h3 (
7. O-O e6 (7... Nbd7 8. h3 g5 9. Bh2 Bg7 10. Nbd2 O-O 11. Ne5 Nxe5 12. Bxe5 Ne4
13. Bxg7 Kxg7 14. c3 Rae8 15. Nxe4 Bxe4 16. Qd2 e5 $11 {0-1 Ostl,A-Kurz,E/
Endingen MA 1987/GER 04/ (35)}) 8. Nbd2 Nbd7 9. Ne5 Nxe5 10. Bxe5 Be7 11. c4
O-O 12. c5 Qd8 13. Bxf6 (13. b4 $132) 13... Bxf6 14. Qc3 $11 {0-1 Nykopp,
J-Kivisto,M/Nordic-chT Pohja 1985/ (59)}) 7... e6 8. O-O Be7 9. c4 O-O 10. Nc3
Nbd7 11. c5 Qd8 12. b4 $14 {[%cal Ga2a4,Gb4b5] 1-0 Porth,H-Cording,T/Hamburg ,
EXT 1992 (24)}) (6... e6 7. Nbd2 (7. Nh4 Bg6 8. Nxg6 hxg6 9. h3 c5 10. c3 Nc6
11. Nd2 Rc8 12. O-O {1/2-1/2 Pluymert,P-Reuvekamp,E/cr NED Hkl 1993/ (12)}) (7.
O-O {This position was played many times:} Be7 (7... c5 8. c4 Nc6 9. Nc3 (9.
dxc5 Qxc5 (9... Bxc5 10. a3 dxc4 11. Nbd2 Bd3 (11... Nd5 12. Bg3 c3 13. bxc3
Nf6 14. Nd4 Bg6 15. Nc4 $132) 12. Nxc4 Bxc4 13. Qxc4 Nd5 (13... Rd8 14. b4 Be7
15. Rfd1 $14) 14. Bg3 Bxe3 15. fxe3 Nxe3 16. Qb5 Qxb5 17. Bxb5 Nxf1 18. Kxf1
$14 {1-0 Lazic,M-Szuhanek,R/Bjeljina YUG 2000/ (29)}) 10. a3 dxc4 11. Qxc4 Qxc4
12. Bxc4 a6 13. Nc3 Rc8 14. Rac1 Be7 15. Ba2 O-O $11 {0-1 Holl,R-Kasueschke,G/
Wildbad WchV ,EXT 1993/ (42)}) 9... cxd4 10. Nxd4 Nxd4 11. exd4 dxc4 12. Bxc4
Be7 13. Bb5+ Kf8 14. Qe3 Rc8 15. a4 a6 16. a5 Rxc3 $1 (16... Qd8 17. Be2 Bb4
18. Bf3 $11 {1/2-1/2 Djurhuus,R-Espinoza,R/Manila olm 1992/ (52)}) 17. axb6
Rxe3 18. fxe3 axb5 19. Ra8+ Ne8 20. Rc1 f6 $17) (7... h6 8. c4 dxc4 (8... Nbd7
9. h3 Be7 10. c5 Qd8 11. b4 a6 12. Nc3 {Is similar to the game 1-0 Porth,
H-Cording,T/Hamburg ,EXT 1992 (24)} Ne4 13. Nxe4 Bxe4 14. a4 O-O 15. Qb2 Re8
16. b5 $14 {1-0 Negulescu,A-Szuhanek,R/Bucuresti 1998/CBM 69/ (80)}) 9. Bxc4 (
9. Nbd2 Nd5 10. Bg3 (10. Nxc4 Nxf4 11. exf4 Qd8 12. Qe3 $132) 10... c3 $1 11.
bxc3 Qa5 12. Qb2 (12. c4 Nc3 13. Bd1 Ba3 $17) (12. Nb1 Nd7 13. c4 N5f6 14. Nbd2
Ba3 15. Qe1 (15. Nb3 Qa4 $17 {[%csl Ra1,Rc1][%cal Gf6e4,Ga3b2]}) 15... Bb4 (
15... Bb2 16. Ne4 $1 $14) 16. a3 Bc3 17. Ra2 Ne4 18. Qc1 Bxd2 19. Nxd2 Nc3 20.
Nb3 Nxa2 $19) 12... b6 13. c4 Ba3 14. Qb3 Nc3 $132) 9... Nbd7 10. Nc3 Be7 11.
h3 O-O 12. Re1 Ne4 13. Nxe4 Bxe4 14. Nd2 Bh7 15. Be2 Nf6 16. Bg3 Rfc8 17. Nc4
Qd8 $11 {1-0 Olbrich,M-Rubene,I/Dresden wmn 1993/ (36)}) (7... Na6 8. a3 c5 9.
c3 Bd6 10. Bxd6 Qxd6 11. Bb5+ Ke7 12. Nbd2 c4 13. Ne5 Nc7 14. Ba4 b5 15. Bc2
$11 {1-0 Estopanan,A-Gaston,J/Zaragoza-C op 1996/EXT 96op2/(68)}) (7... Nbd7 8.
h3 (8. c4 Qd8 9. h3 Ne4 10. Nc3 Bd6 11. Bxd6 (11. Nxe4 Bxf4 12. Nc5 Nxc5 13.
exf4 Nd7 14. c5 O-O 15. b4 Qc7 {1/2-1/2 Nikolic-Velikov/Vrnjacka Banja 1985/
(15)}) 11... Nxd6 12. c5 Ne4 13. b4 O-O 14. a4 $14) 8... h6 9. c4 dxc4 10. Nbd2
Qd8 (10... c5 $6 11. Nxc4 Qc6 12. Nce5 Qb6 13. Rd1 Be7 14. dxc5 Qxc5 15. Nxd7
Nxd7 16. Qd2 Nb6 17. Rac1 Qb4 18. Qxb4 Bxb4 19. Rc7 $16 {1-0 Zaitseva,L-Minko,
M/Kemerovo 1991 (23)}) 11. Nxc4 Nb6 12. Na5 Qc8 13. a3 Be7 14. b4 (14. Nd2 O-O
15. Ndb3 Nfd7 16. Rd1 Re8 $11 {1/2-1/2 Haag,M-Bouzo Alvarez,J/Open, Malaga ESP
1998/ (20)}) 14... Nbd5 15. Bh2 Ne4 16. Ne5 $14) 8. c4 Bxb1 (8... dxc4 9. Nbd2
Bd3 (9... Qd8 10. Nxc4 O-O 11. a3 $14) 10. Nxc4 Bxc4 11. Bxc4 $14 {0-1 Umlauft,
W-Rapp,U/BL2-S 1995/ (38)}) 9. Rxb1 dxc4 10. Ne5 O-O 11. Nxc4 Qd8 12. a3 a5 13.
Rd1 Nd5 14. Bg3 $14 {1/2-1/2 Gasanov,S-Voloshin,L/Czestochowa 1992/ (67)}) 7...
Be7 8. O-O O-O (8... Nbd7 9. c4 O-O 10. h3 c5 11. b3 Rac8 12. Qb2 Ne4 13. cxd5
exd5 14. dxc5 (14. Rac1 c4 15. Rfd1 c3 $19 {0-1 Frank,M-Schulmann,W/Buenos
Aires FMDA ,EXT 1990/ (20)}) 14... Qg6 $132) 9. c4 a5 $1 {Preventing b2-b4 in
future} 10. h3 h6 11. Ne5 Nbd7 12. Ndf3 Rfc8 13. Nxd7 Nxd7 14. c5 Qd8 15. Qd2
b6 16. cxb6 Qxb6 $11 {0-1 Macek,V-Madl,I/Pula CRO 1999/ (34)}) ({I recommend
immediately} 6... Nh5 $1 $11 {[%csl Rf4]}) 7. h3 {Againat Nf6-h5: h2 square
prepared for Bf4} (7. O-O Nh5 $1 (7... e6 8. c4 Be7 9. h3 h6 10. Nc3 O-O 11. c5
Qd8 12. b4 {Is similar also to the game 1-0 Porth,H-Cording,T/Hamburg ,EXT
1992 (24)} Ne4 13. Nxe4 Bxe4 14. Nd2 (14. a4 $14) 14... Bh7 15. b5 $14 {
1-0 Vragoteris,A-Mastrovasilis,D/Chania GRE 1999/(33)}) 8. Bg5 h6 9. Bh4 g5 10.
Bg3 Bg7 $11) 7... h6 {Black's plan is to play g7-g5 and Bg7} (7... e6 $142 8.
Nbd2 (8. Nh4 $6 Be4 9. f3 Bb4+ $1 10. Kf1 (10. c3 Bxb1 11. Rxb1 Be7 12. g4 Nh5
$1 13. Ng2 Nxf4 14. exf4 $11 (14. Nxf4 Bh4+ 15. Kf1 e5 $15)) (10. Kf2 Be7 11.
g3 h6 12. fxe4 Nxe4+ 13. Kg2 g5 $17) 10... Bg6 11. Nxg6 hxg6 12. c3 Be7 13. Nd2
c5 $11) 8... Be7 9. O-O c5 10. c3 h6 11. Ne5 O-O 12. Bd3 $11 {1/2-1/2 Tan Tzer
En-Pichuaga,J/Yerevan olm 1996/EXT 96ch2/ (39)}) 8. Nbd2 g5 9. Bh2 Bg7 10. c4
Ne4 (10... e6 11. c5 Qd8 12. b4 O-O 13. O-O $14 {We already saw similar
position in 4 another games...}) 11. O-O O-O 12. Nxe4 (12. c5 Qa5 13. Nxe4 (13.
b4 $6 Qxb4 14. Rb1 Nc3 $3 $19) 13... Bxe4 14. Nd2 Bg6 15. a3 (15. f4 gxf4 16.
Bxf4 e5 17. Nb3 Qd8 $132) 15... e5 16. b4 Qd8 17. Nf3 e4 18. Nd2 f5 {[%cal
Gf5f4] and Black counterplay on the king-side is very strong}) 12... dxe4 $6 (
12... Bxe4 13. Nd2 Bg6 14. c5 Qa5 $132) 13. c5 $1 {Good intermediate move} (13.
Nd2 c5 $11) 13... Qd8 14. Ne5 (14. Nd2 e5 $11) 14... Nf6 $2 $16 {[%mdl 16384]
Wrong decision.Ne5 is stronger than opponent on d5} ({Right was to change NN
and BB on e5:} 14... Nxe5 $142 15. Bxe5 (15. dxe5 Qc8 16. Rd1 Rd8 (16... Qe6
17. Bc4 Qg6 18. Qd2 g4 19. h4 Be6 20. Bxe6 Qxe6 21. Qd7 Rfd8 22. Qxe6 fxe6 23.
Rd4 Rxd4 24. exd4 Rd8 25. Rd1 b6 26. b4 $16 {[%csl Re4,Re6,Re7]}) 17. Qc2 Rxd1+
18. Rxd1 Qe8 {[%cal Ga8d8]} 19. Qd2 $14 {[%cal Gd2d8]}) 15... Bxe5 16. dxe5 Qc7
17. Qc3 Rad8 18. Rfd1 Rxd1+ 19. Rxd1 Rd8 20. Rxd8+ Qxd8 21. b4 (21. Qd4 Qa5 $11
) 21... Kg7 22. Qd4 Qxd4 23. exd4 f6 24. Bc4 $14) 15. b4 Nd5 16. Qd2 {[%cal
Ga2a4,Gb4b5] White's plan is attack on the queen-side} Be6 (16... f6 17. Nc4 b5
18. cxb6 axb6 19. a4 $16) 17. a4 f5 18. Bc4 (18. b5 $16) 18... Qe8 (18... f4
19. Bxd5 Qxd5 20. exf4 $16) 19. f3 $1 {White first want to neutralize Black
activity on the king-side} exf3 20. Rxf3 Rd8 21. Raf1 Rf6 (21... Bc8 22. b5 $16
{[%csl Rc6]}) 22. Bd3 (22. b5 $16 {[%csl Rc6]}) 22... g4 23. hxg4 fxg4 24. Rxf6
$2 $14 ({Better is} 24. R3f2 $1 Qh5 25. e4 (25. b5 cxb5 26. axb5 Rxf2 27. Rxf2
Qg5 {[%csl Re3][%cal Gg4g3]} 28. e4 g3 $1 29. Bxg3 Qxg3 30. exd5 Bxd5 $132)
25... Rxf2 (25... Nc7 26. Qe3 Rxf2 27. Rxf2 $16) 26. Rxf2 Nf6 27. Qc3 (27. Qe3
Nd7 28. Bc4 Bxc4 29. Nxc4 Nxc5 $3 30. dxc5 Rd1+ 31. Rf1 Rxf1+ 32. Kxf1 Qf7+ 33.
Kg1 Qxc4 $19) 27... Kh8 (27... Nd7 28. Bc4 $16) 28. Bc2 Nd7 29. Nd3 Qg5 30. Bf4
$16) 24... exf6 $1 {weaken d6 square,but} ({quite bad is} 24... Bxf6 $2 25. Bg6
Qf8 26. e4 Nc7 27. Bf4 Qg7 28. Bxh6 Qh8 29. Qf4 Ne8 (29... Rxd4 30. Qg5 $3 $18)
30. b5 Ng7 31. Bg5 Rf8 32. bxc6 bxc6 33. Bxf6 Rxf6 34. Qg5 Rxf1+ 35. Kxf1 $18)
25. Nc4 {[%csl Rd6]} (25. Bg6 Qe7 26. Nc4 Bf8 27. Bd6 Qg7 28. Bd3 Qg5 29. b5 g3
30. e4 Qh4 31. Bxg3 Qxg3 32. exd5 Bxd5 33. Rxf6 Bg7 $44) 25... Qh5 (25... Qd7
$2 26. Nd6 $16) 26. Bg3 $6 $132 ({Right was} 26. Nd6 $1 Qh4 $1 {[%cal Gg4g3]}
27. Ne4 (27. e4 g3 28. Bxg3 Qxg3 29. exd5 Bxd5 30. Nf5 (30. Re1 Qg5 $11 (30...
Bxg2 31. Nf5 $18)) 30... Qg5 $11) 27... Rd7 28. b5 $14) 26... f5 (26... Qg5 27.
Qe1 $1 $16 {[%cal Ge3e4,Gb4b5]}) 27. Qe1 Bf6 $2 ({After} 27... Rf8 $1 {White
can't recieve any advantage:} 28. Be5 (28. Nd6 f4 29. exf4 Bxd4+ 30. Bf2 Bxf2+
31. Qxf2 Rxf4 $17) (28. Ne5 Qg5 29. Bf4 Nxf4 30. exf4 Qd8 31. Qe3 Re8 32. b5
Qc7 $11) 28... Bxe5 29. Nxe5 Qg5 30. Bc4 Re8 31. Bxd5 Bxd5 32. Qf2 Rf8 33. Qf4
Be4 34. b5 Rd8 35. Rf2 Re8 36. bxc6 bxc6 37. Qxg5+ hxg5 38. Rb2 g3 39. Rb7 a5
40. Rb6 f4 $132) 28. Nd6 Bg5 29. Bf4 Bh4 (29... Nxf4 $4 30. exf4 $18 {[%csl
Re6,Rg5]}) 30. Bg3 (30. g3 Bf6 31. Be5 (31. Qd2 b6 32. Rf2 Bg7 $132) 31... Bg5
32. Bf4 $11) 30... Bg5 31. Bf4 Rd7 $4 $18 {[%mdl 16384] What? Black don't
agree to repeat the moves? Maybe White was in time pressure?} (31... Bh4 $11)
32. Bxg5 Qxg5 33. e4 $5 ({Why not to take not defended enough Pf5?} 33. Bxf5
Bxf5 (33... Rxd6 34. e4 $3 $18) 34. Nxf5 $18) 33... Nf4 (33... fxe4 34. Nxe4 {
[%csl Re6,Rg8][%cal Ge4f6]} Qg7 (34... Qe7 35. Bc4 $18 {[%csl Rd5][%cal Ge4f6]}
) 35. Nf6+ Nxf6 36. Qxe6+ Rf7 37. Bc4 Nd5 38. Rxf7 Qxf7 39. Qxg4+ $18) 34. exf5
Bf7 35. Bc4 Re7 (35... Nd5 36. Nxf7 $18) 36. Bxf7+ (36. Nxf7 $18) 36... Kf8 37.
Be6 g3 38. Rf3 Nh5 39. f6 (39. Qe5 $18) 39... Rh7 {Black forgot to resign...}
40. d5 (40. Bc4 $18) 40... Qh4 41. Kf1 $6 (41. Bh3 $18) 41... Qh1+ 42. Ke2
Qxg2+ 43. Ke3 Qh2 44. Bg4 Qb2 45. Bxh5 1-0

[Event "Lippstadt 9th"]
[Site "Lippstadt"]
[Date "1999.07.24"]
[Round "3"]
[White "Slobodjan, Roman"]
[Black "Mueller, Karsten"]
[Result "1-0"]
[WhiteElo "2550"]
[BlackElo "2533"]
[Annotator "Tsesarsky,I"]
[PlyCount "155"]
[EventDate "1999.07.22"]
[EventType "tourn"]
[EventRounds "11"]
[EventCountry "GER"]
[EventCategory "8"]
[SourceTitle "CBM 072"]
[Source "ChessBase"]
[SourceDate "1999.10.01"]
[SourceVersion "1"]
[SourceVersionDate "1999.10.01"]
[SourceQuality "1"]

1. Nf3 d5 2. g3 c6 3. Bg2 Bg4 4. O-O Nd7 5. d4 e6 6. Re1 Ngf6 7. Nbd2 Be7 (7...
Qb6 8. c3 c5 $2 {To open position with K in centre is not good idea...} (8...
Be7 9. e4 Nxe4 10. Nxe4 dxe4 11. Rxe4 Nf6 (11... Bh5 12. Re2 O-O 13. Be3 Qc7
14. Bf4 Bd6 15. Bxd6 Qxd6 16. h3 a5 $14 {1/2-1/2 Strikovic,A-San Segundo,P/It,
Pamplona ESP 1997 (24)}) 12. Re1 O-O 13. Qb3 Bxf3 $14 {1/2-1/2 Goldin,
A-Sherbakov,R/ch-RUS, Elista 1996 (13)}) 9. e4 cxd4 10. exd5 dxc3 11. Nc4 Qc5 (
11... Qb4 12. dxe6 fxe6 (12... Bxe6 13. b3 Nb6 14. Ba3 Qb5 15. Nd4 Qd7 16. Bxf8
Kxf8 17. Nxb6 axb6 18. Nxe6+ fxe6 19. Qxd7 Nxd7 20. Rxe6 (20. Re3 Ke7 21. Rxc3
Rhc8 22. Rxc8 Rxc8 23. Bxb7 Rc3 $14) 20... Nc5 21. Re3 Nxb3 22. Bxb7 Nxa1 23.
Bxa8 $16) 13. b3 Nb6 14. Ba3 Qb5 15. Bxf8 Kxf8 16. Qd6+ Kg8 17. Nfe5 Nxc4 18.
bxc4 Qb6 19. Qe7 Rf8 20. Nxg4 $18) 12. dxe6 Bxe6 13. b3 Ng4 14. Nd4 c2 15. Qxg4
$18 {1-0 Urban,J-Tseitlin,M/Berliner Sommer ,EXT 1994 (17)}) 8. c3 (8. Nf1 O-O
9. c3 h6 10. Ne3 Bh5 11. c4 $11 (11. Bh1 $6 Ne4 12. Nd2 f5 $132 {0-1 Heyduk,
J-Prandstetter,E/Prague 1988 (19)})) (8. c4 O-O 9. a3 (9. b3 Bb4 10. a3 Bc3 11.
Ra2 Bxf3 12. Bxf3 Bxd4 $17 {0-1 Pupols,V-Orlov,G/Seattle Washingt-ch ,EXT 1995
(22)}) 9... a5 10. b3 a4 11. b4 dxc4 12. Nxc4 Ne4 13. Nfe5 Nxe5 14. Nxe5 Bf5
15. f3 Nc3 16. Qd2 Nb5 17. e4 Bg6 18. Rd1 Qc7 19. Bb2 Rfd8 20. Qc2 $14 {
1-0 Norwood,D-Jones,L/WchJM-U20 Adelaide 1988 (28)}) (8. h3 Bh5 9. e4 dxe4 10.
Nxe4 Nxe4 11. Rxe4 O-O 12. c3 Bf6 (12... Qb6 13. Re2 Rad8 14. Qe1 Rfe8 15. Bf4
a5 16. Rd1 $14 {1-0 Abbasov,F-Eperjesi,L/FSIM May, Budapest HUN 1997 (44)}) 13.
g4 Bg6 14. Re2 a5 15. a4 Qc7 16. Bg5 Bxg5 17. Nxg5 Rad8 18. Nf3 c5 19. Nh4 Nb6
20. Nxg6 hxg6 21. Re4 Nc4 22. Qe2 Nd6 23. Re5 cxd4 24. cxd4 b6 $132 {1/2-1/2
Ibar,M-Hase,J/Buenos Aires FMDA tt 1992 (32)}) 8... O-O 9. e4 (9. h3 Bh5 10. e4
b5 11. Qb3 Rb8 12. Ne5 Nxe5 13. dxe5 Nd7 14. f4 Bg6 15. Qd1 Qb6+ 16. Kh2 Nc5
17. Qe2 Rfd8 18. Rf1 dxe4 19. Nxe4 Nxe4 (19... Rd7 $6 20. Be3 $14 (20. Nf2 {
1/2-1/2 Llanos,G-Soppe,G/Buenos Aires 1991 (20)})) 20. Bxe4 Bxe4 21. Qxe4 Rd5
22. Be3 Qc7 23. Rad1 Rbd8 24. Qf3 $11) (9. Qb3 Qb6 10. e4 Rfd8 (10... dxe4 11.
Nxe4 Rfd8 12. Nxf6+ Bxf6 13. Bf4 Rac8 14. Ne5 Bxe5 15. Bxe5 Nxe5 16. Rxe5 $14 {
1/2-1/2 Norwood,D-Westerinen Heikki M J/Bayswater (ENG) 1988 (16)}) 11. exd5
cxd5 12. Ne5 Nxe5 13. Rxe5 Qxb3 14. axb3 a5 15. Nf3 Ne4 16. Nd2 f6 17. Rxe4
dxe4 18. Nxe4 Bd1 19. Nd2 Ra7 (19... e5 20. Bxb7 Rab8 {1/2-1/2 Norwood,
D-Speelman Jonathan S/London LB 1992 (20)}) 20. b4 a4 $15) 9... dxe4 10. Nxe4
Nxe4 (10... e5 11. dxe5 Bxf3 12. Qxf3 Nxe5 13. Qf5 Ng6 14. Be3 $14 {1-0
Gyorkos,L-Dussart,F/It, Bagneux FRA 1998 (44)}) 11. Rxe4 Bh5 12. Re1 (12. Qb3
Qb6 13. Ne5 Rfd8 14. h4 h6 15. Bh3 Nxe5 16. Rxe5 Rd5 17. Bf4 Rxe5 18. Bxe5 Qxb3
19. axb3 a6 20. Bg2 $11 {0-1 Bagoly,J-Varga,P/Cseppko Kupa 1994 (47)}) 12... c5
13. Be3 Rc8 14. Qd2 Nb6 15. dxc5 Bxc5 16. Bxc5 Rxc5 17. Qe3 Qc7 $6 $14 (17...
Rd5 $5 {This move allowed to not concede a line d and to equalize a position.}
18. g4 Bxg4 (18... Bg6 19. Ne5 Rd6 20. Bxb7 $16) 19. Ne5 Bf5 20. Bxd5 Nxd5 $44)
18. Ne5 Nd5 19. Qg5 Bg6 20. Qd2 (20. Nxg6 hxg6 21. Qg4 $14) 20... Nb6 21. Qe2
Nd7 22. Nxg6 hxg6 23. Red1 (23. Rad1 Nf6 24. Rd4 $14) 23... Nf6 24. Rd2 b6 25.
Rad1 $14 {White have achieved steady advantage but to increase it not so
simply.} g5 26. h3 Re5 27. Qf3 (27. Qd3 $14) 27... Rc8 28. Rd4 Kf8 29. Qd3 (29.
a3 $14) 29... g6 30. c4 $5 (30. Qa6 Ra5 31. Qxc8+ Qxc8 32. Rd8+ Qxd8 33. Rxd8+
Ke7 $17 {[%csl Ra2,Rd8]}) (30. a3 $14) 30... Rc5 (30... a5 $14) 31. b3 Kg7 32.
Kf1 e5 $2 $16 {Unnecessary move} (32... a5 $14) 33. Rd6 Qe7 34. Be4 (34. Qe3 g4
35. hxg4 Nxg4 36. Qd2 Nf6 37. a4 $16) 34... R8c7 35. a4 Ne8 (35... Nxe4 36.
Qxe4 $16) 36. Rd8 Nf6 37. Qe3 $6 (37. Bg2 $16) 37... Nxe4 $6 (37... Nd7 $1 38.
Ra8 f5 39. Bg2 a5 $14 (39... e4 40. f3 Re5 41. fxe4 fxe4 42. Kg1 $16)) 38. Qxe4
$16 R5c6 (38... f5 39. Qa8 $16) 39. R8d5 Re6 (39... Rc5 40. Rd6 f5 41. Qf3 e4
42. Qc3+ Qe5 43. Rd7+ Rxd7 44. Rxd7+ Kf6 45. Qxe5+ Kxe5 46. Rxa7 $16) 40. Rd8
Rec6 41. Kg2 Qe6 (41... f5 42. Qd5 $16) 42. Qe3 Qe7 43. R1d5 Rc5 44. Rd2 R5c6
45. Kg1 Rc5 46. Qe4 R5c6 47. R2d5 Rc5 48. Rd1 R5c6 49. R1d2 Kh7 50. Qg4 a5 $6 (
50... Kg7 51. R8d7 Qf6 $16) 51. Rb8 e4 $2 $18 (51... f5 52. Qd1 e4 53. Rdd8 Qe5
54. Rd7+ (54. Rh8+ Qxh8 55. Rxh8+ Kxh8 56. Qd8+ Kh7 57. Qxg5 Rd7 58. h4 Rf7 59.
h5 gxh5 60. Qxh5+ Kg7 $14) 54... Kh6 55. Rxc7 Qxc7 56. Rh8+ Kg7 57. Qd4+ Rf6
58. Rg8+ Kxg8 59. Qxf6 Kh7 60. Qxg5 $16) 52. Rdd8 Qe5 53. h4 f5 (53... e3 54.
hxg5 exf2+ 55. Kxf2 $18) 54. Qxg5 Qf6 55. Qf4 (55. Qxf6 Rxf6 56. Rd5 (56. Rh8+
Kg7 57. Rbg8+ Kf7 $16) 56... Kh6 57. Rb5 Rcc6 58. c5 Rxc5 59. Rxc5 bxc5 60. Rb5
Ra6 61. Rxc5 Rb6 62. Rb5 $18) 55... Rf7 56. Kg2 (56. Qd2 Qa1+ 57. Kg2 Qg7 58.
Qd5 $18) 56... Re6 57. Rbc8 (57. Qd2 $18) 57... Rb7 $6 (57... Rc6 $18) 58. Qd2
$6 (58. h5 $1 $18) 58... f4 59. gxf4 (59. Qxf4 Qxf4 60. gxf4 $18) 59... Rf7 60.
Qd5 Qxf4 61. Rh8+ Kg7 62. Qd4+ Qe5 63. Rcg8+ Kf6 64. Qd8+ Ree7 65. Qxb6+ (65.
Rh6 $18) 65... Qe6 66. Rh6 $1 Rg7 67. Rf8+ (67. Qd4+ $18) 67... Rgf7 68. Rxf7+
Kxf7 69. Qxe6+ Rxe6 70. h5 e3 71. fxe3 Rxe3 72. hxg6+ Kg7 73. Rh3 Re6 74. Rg3
Rf6 75. Rg5 Rb6 76. Rb5 Rxg6+ 77. Kf3 Rh6 78. Ke4 1-0

[Event "Lost Boys"]
[Site "Amsterdam"]
[Date "1999.08.13"]
[Round "1"]
[White "Van der Sterren, Paul"]
[Black "Nikolic, Predrag"]
[Result "0-1"]
[WhiteElo "2535"]
[BlackElo "2641"]
[Annotator "Tyomkin,D"]
[PlyCount "96"]
[EventDate "1999.08.13"]
[EventType "tourn"]
[EventRounds "7"]
[EventCountry "NED"]
[EventCategory "14"]
[SourceTitle "CBM 073"]
[Source "ChessBase"]
[SourceDate "1999.12.01"]
[SourceVersion "1"]
[SourceVersionDate "1999.12.01"]
[SourceQuality "1"]

1. Nf3 d5 2. g3 g6 3. Bg2 Bg7 4. d4 c6 5. O-O Nf6 6. Nbd2 O-O 7. c3 {It looks
like black can get equality in this symetrical position very easy way.
Yugoslavian GM Kovacevic has played this position several times with white and
scored a win against the same Nicolic once. Normally black leads c6-c5 in
close moves.The move 7...Qb6 is just another way to prepare it.} Qb6 $146 (7...
Na6 8. Re1 (8. Nb3 Re8 9. Ne5 Bf5 10. h3 Nd7 11. Nxd7 Bxd7 12. f4 f6 13. Be3 e5
$11 {1/2-1/2 Kovacevic,V-Bareev,E/Ljublana Portoroz 1989/CBM 14 (42)}) 8... c5
9. dxc5 Nxc5 10. Nb3 Nce4 11. Ng5 Nd6 $5 12. Bxd5 h6 13. Nf3 a5 (13... e6 14.
e4 exd5 15. e5) 14. e4 a4 15. Nbd4 Nxd5 16. exd5 Ra5 $36 {0-1 Anic,D-Dorfman,J/
Meribel FRA 1998 (40)}) (7... Qc7 8. Re1 c5 9. dxc5 Rd8 10. Qa4 Qxc5 $11 {
1-0 Kovacevic,V-Nikolic,P/Ljublana Portoroz 1989/CBM 14 (42)}) (7... Nbd7 8.
Re1 c5 9. e4 Nxe4 10. Nxe4 dxe4 11. Rxe4 cxd4 12. cxd4 b6 $11 {1/2-1/2
Kovacevic,V-Cvitan,O/JUG-chT 1989/TD (61)}) 8. Re1 c5 9. dxc5 Qxc5 {Black gets
an extra pawn in the center,but white tries to gain control their by light
pieces.} 10. Nb3 (10. Qa4 $5 {[%cal Ga4h4,Yd2b3,Yc1h6]} Ng4 $1) 10... Qb6 11.
Be3 Qd8 12. Ne5 Qc7 13. Bd4 {Whites control over central black squares is
temporary-black removes them in few moves.} (13. Bf4 $2 g5) 13... Rd8 14. Qc1
Ne8 {[%cal Gf7f6,Ye7e5]} 15. f4 f6 16. Nd3 e5 17. fxe5 fxe5 18. Be3 {[%cal
Ge3f4,Ge3g5]} Nf6 19. Bg5 {[%cal Ge1f1]} e4 (19... Nc6 20. Rf1 Bf5 21. Bxf6
$142 (21. g4 $140 Nxg4 $1 22. Bxd8 Rxd8 $17) 21... Bxf6 22. g4 Bxd3 23. exd3
$14 {[%csl Rd5]}) 20. Nf2 (20. Qf4 $6 Qb6+) (20. Nf4 Qe5 (20... Nc6 21. c4 $1)
21. Bxf6 Bxf6 $15) 20... Be6 21. Nd4 Bf7 22. Bh3 {[%cal Gd4e6]} Re8 23. Bxf6
Bxf6 24. Ng4 Bg7 25. Rf1 Nc6 26. Nf6+ (26. Nh6+ Bxh6 27. Qxh6 Nxd4 28. cxd4 {
[%cal Gf1f2,Ya1f1]} Be6 29. Bxe6+ Rxe6 30. Rf2 (30. Rac1 Rc6) 30... Qg7 31.
Qxg7+ Kxg7 $11) 26... Bxf6 27. Rxf6 Qe5 28. Qf1 $2 {It is hard to explain this
move made by Dutch GM. 3 move later he moves his queen to the right square,
losing a pawn on a way.} (28. Qf4 Qxf4 (28... Nxd4 29. cxd4 Qxd4+ 30. e3 Qxb2
31. Rf1 $18) 29. Rxf4 Nxd4 30. cxd4 Be6 31. Bxe6+ Rxe6 32. Rc1 Rc6 33. Rxc6
bxc6 34. Rf6 Rc8 35. Rd6 Rc7 $11) 28... Nxd4 29. cxd4 Qxd4+ 30. Kh1 Re7 31. Qf4
Rf8 32. Rf1 Qe5 33. Qh6 {In my opinion at least one of players was in
time-trouble this moment.} Qh5 $6 (33... Qxb2 $142 34. Be6 Rxe6 35. Rxe6 Qxe2
36. Ref6 (36. Rxf7 Kxf7 37. Rf6+ Kxf6 38. Qxf8+ Ke5 $19) 36... Qxa2 $19) 34.
Qxh5 gxh5 $17 35. Rd6 Rc7 36. Kg1 Kg7 37. Rf5 Re8 38. Kf2 e3+ 39. Kf3 Bg6 40.
Rff6 d4 41. Bf5 Bf7 42. Kf4 Rc1 (42... Bxa2 $2 43. Rh6 Bg8 44. Rxh5 {[%cal
Gd6d4]}) 43. Kg5 Rf1 44. Bxh7 (44. Rh6 Rxf5+ $1 45. Kxf5 d3 $19) 44... Rxf6 45.
Rxf6 Re5+ 46. Rf5 (46. Bf5 d3 $19) 46... Rxf5+ 47. Bxf5 Bc4 48. Kf4 Bxe2 {
[%cal Ge2g4,Ye3e2]} 0-1